| 000 | 00455nam a2200169 i 4500 | ||
|---|---|---|---|
| 001 | 21339 | ||
| 003 | ES-MaACL | ||
| 005 | 20230906152449.0 | ||
| 007 | t| | ||
| 008 | 021125s1973 sp ||||1| spa d | ||
| 100 | 1 |
_aAlberdi, Ricardo. _919274 |
|
| 245 | 1 | 0 |
_a¿Socialismo o autogestión? / _cR. Alberdi. |
| 260 |
_a[Irún] : _bEthos, _c[1973] |
||
| 300 |
_a38 p. ; _c28 cm. |
||
| 500 | _aEjemplar multicopista. | ||
| 852 |
_aES-MaACL _j2083-F-40 _bR.87833 |
||
| 999 |
_c21339 _d21339 |
||